Southville International School and Colleges
Your cart is empty.
  • Cart
  • Lists
    Public lists Eva Luna New books Lux_list list_1
    Your lists Log in to create your own lists
  • Log in to your account
  • Your cookies
  • Search history
Southville International School and Colleges
  • Advanced search
  • Recent comments
  • Most popular
  • Libraries

Log in to your account

Log in with GOOGLE


If you do not have an external account, but do have a local account, you can still log in:

  1. Home
  2. MARC view: History of the Philippine province of the Society of Jesus /
Normal view MARC view ISBD view

History of the Philippine province of the Society of Jesus / (Record no. 17135)

[ view plain ]
MARC details
000 -LEADER
fixed length control field 01105cam a22003495a 4500
001 - CONTROL NUMBER
control field 16277399
003 - CONTROL NUMBER IDENTIFIER
control field OSt
005 - DATE AND TIME OF LATEST TRANSACTION
control field 20140310182904.0
008 - FIXED-LENGTH DATA ELEMENTS--GENERAL INFORMATION
fixed length control field 100610m20092010ph 001 0 eng
010 ## - LIBRARY OF CONGRESS CONTROL NUMBER
LC control number 2010338540
020 ## - INTERNATIONAL STANDARD BOOK NUMBER
International Standard Book Number 9789715505963 (v. 1)
020 ## - INTERNATIONAL STANDARD BOOK NUMBER
International Standard Book Number 9789715506069 (v. 2)
040 ## - CATALOGING SOURCE
Original cataloging agency DLC
Transcribing agency DLC
Modifying agency DLC
042 ## - AUTHENTICATION CODE
Authentication code lcode
043 ## - GEOGRAPHIC AREA CODE
Geographic area code a-ph---
050 ## - LIBRARY OF CONGRESS CALL NUMBER
Classification number BX 3746
Item number Ab141 2010
082 ## - DEWEY DECIMAL CLASSIFICATION NUMBER
Classification number FIL 271.530599
Item number C532 2010
100 1# - MAIN ENTRY--PERSONAL NAME
Personal name Chirino, Pedro,
Dates associated with a name 1557-1635.
245 10 - TITLE STATEMENT
Title History of the Philippine province of the Society of Jesus /
Statement of responsibility, etc by Pedro Chirino ; edited by Jaume Gorriz i Abella ; translated from the original Spanish by José S. Arcilla.
260 ## - PUBLICATION, DISTRIBUTION, ETC. (IMPRINT)
Place of publication, distribution, etc Quezon City :
Name of publisher, distributor, etc Ateneo de Manila University Press,
Date of publication, distribution, etc c2009-c2010.
300 ## - PHYSICAL DESCRIPTION
Extent 2 v. ;
Dimensions 23 cm.
500 ## - GENERAL NOTE
General note Includes index.
521 ## - TARGET AUDIENCE NOTE
Target audience note
526 ## - STUDY PROGRAM INFORMATION NOTE
Reading level 1210L-1700L
541 ## - IMMEDIATE SOURCE OF ACQUISITION NOTE
-- 1
562 ## - COPY AND VERSION IDENTIFICATION NOTE
Number of copies 1
700 1# - ADDED ENTRY--PERSONAL NAME
Personal name Gorriz i Abella, Jaume.
700 1# - ADDED ENTRY--PERSONAL NAME
Personal name Arcilla, José S.
906 ## - LOCAL DATA ELEMENT F, LDF (RLIN)
a 7
b par
c origode
d 3
e ncip
f 20
g y-gencatlg
942 ## - ADDED ENTRY ELEMENTS (KOHA)
Source of classification or shelving scheme Library of Congress Classification
Koha item type Books
Call number prefix Filipininana
Holdings
Withdrawn status Lost status Source of classification or shelving scheme Damaged status Home library Current library Shelving location Date acquired Total Checkouts Full call number Barcode Date last seen Copy number Price effective from Koha item type
    Library of Congress Classification   College Library College Library Filipiniana Section 01/26/2013   BX 3746 .Ab141 2010 c13472 05/08/2018 1 11/14/2013 Books

History of the Philippine province of the Society of Jesus /

APA

Chirino P., Gorriz i Abella J. & Arcilla J. S. (20092010). History of the Philippine province of the Society of Jesus. Quezon City: Ateneo de Manila University Press.

Chicago

Chirino Pedro, Gorriz i Abella Jaume and Arcilla José S. 20092010. History of the Philippine province of the Society of Jesus. Quezon City: Ateneo de Manila University Press.

Harvard

Chirino P., Gorriz i Abella J. and Arcilla J. S. (20092010). History of the Philippine province of the Society of Jesus. Quezon City: Ateneo de Manila University Press.

MLA

Chirino Pedro, Gorriz i Abella Jaume and Arcilla José S. History of the Philippine province of the Society of Jesus. Quezon City: Ateneo de Manila University Press. 20092010.

  • Place hold
  • Print
  • Cite
  • Add to your cart (remove)
  • Save record
    BIBTEX Dublin Core MARCXML MARC (non-Unicode/MARC-8) MARC (Unicode/UTF-8) MARC (Unicode/UTF-8, Standard) MODS (XML) RIS
  • More searches
    Search for this title in:
    Other Libraries (WorldCat) Other Databases (Google Scholar) Online Stores (Bookfinder.com) Open Library (openlibrary.org)

Exporting to Dublin Core...

SOUTHVILLE LIBRARY

Southville International School and Colleges Library

1281 Tropical Ave. Cor. Luxembourg St., BF Homes International, Las Pinas City

Tel. No. 8256374 / 252358 Loc. 117/146

Powered by Koha